000 00607nam a2200193 a 4500
003 PILC
005 20150112093442.0
008 100713s19uu xx 00 eng d
020 _a0801332966
050 _aJA 66
_b.D36 2001
082 _aPSSF 320.22
_bD23 2001
100 _aDanziger, James N.
_920246
245 _aUnderstanting the political world :
_ba comprehensive introduction to political science /
250 _a5th ed.
260 _aNew York :
_bAddison Wesley Longman, Inc,
_xyz2001.
300 _a487 pages :
_billustration ;
_c25 cm.
650 _aPolitical Science
_911476
942 _2lcc
_cBK
999 _c14791
_d14791